TV Show Themes Quiz Stats

Quiz not verified by Sporcle

Challenge
Share
Tweet
Score 0/50 Timer 15:00
0 Plays Today
Time TV Show % Correct
02:01-02:06The Big Bang Theory
83.9%
01:38-01:43Two and a Half Men
79%
02:45-02:54Game of Thrones
73.4%
01:00-01:05How I Met Your Mother
72.2%
00:05-00:10Dexter
71%
02:06-02:12New Girl
65.7%
01:26-01:31Modern Family
61.7%
00:00-00:05The Sopranos
60.9%
03:39-03:45Breaking Bad
59.3%
04:02-04:08House
57.7%
01:21-01:26Sex and the City
56.5%
00:26-00:32Smallville
55.6%
00:55-01:00True Blood
54.4%
03:31-03:38Glee
53.6%
01:10-01:15Mad Men
52.4%
04:31-04:40Parks and Recreation
50.4%
04:25-04:31Homeland
50.4%
01:05-01:10The Walking Dead
50%
02:19-02:30Lost
48.8%
02:54-03:02Grey's Anatomy
46%
01:56-02:00NCIS
43.1%
05:26-05:3330 Rock
42.7%
01:50-01:55American Horror Story
41.5%
03:12-03:22Community
40.3%
02:31-02:38Curb Your Enthusiasm
38.7%
Time TV Show % Correct
03:53-04:01Arrested Development
36.7%
05:19-05:26It's Always Sunny in Philadelphia
34.7%
04:58-05:05Firefly
34.3%
02:13-02:19The West Wing
31.9%
05:34-05:46Sons of Anarchy
31%
00:39-00:44Fringe
29.8%
04:49-04:57Chuck
29.8%
03:45-03:53True Detective
29.4%
04:09-04:18House of Cards
29%
04:18-04:25Entourage
26.6%
05:11-05:18Deadwood
26.2%
00:44-00:50Boardwalk Empire
25.8%
01:43-01:50Justified
25.4%
00:50-00:55Heroes
24.2%
01:31-01:37The Wire
24.2%
00:21-00:26Friday Night Lights
21.4%
04:40-04:48Veep
21%
02:39-02:45Battlestar Galactica
20.2%
00:16-00:21Bones
16.9%
03:03-03:11Agents of S.H.I.E.L.D.
15.7%
01:16-01:21Supernatural
12.9%
03:23-03:30The Good Wife
12.9%
00:32-00:39Rescue Me
12.5%
05:05-05:11Portlandia
11.3%
00:10-00:15Burn Notice
7.3%

You're not logged in!

Compare scores with friends on all Sporcle quizzes.
Sign Up with Email
OR
Log In

You Might Also Like...

Show Comments

Extras

Top Quizzes Today


Score Distribution

Your Account Isn't Verified!

In order to create a playlist on Sporcle, you need to verify the email address you used during registration. Go to your Sporcle Settings to finish the process.